LEADER 00642naa a2200145 i 4500 001 000000324863 003 CaOOAMICUS 005 20180831173451.0 008 180831n xx u000 u und u 013 $a35772 040 $aSeMil$bita 245 10$aDalla Sinfonia n. 4 in La maggiore "Italiana" :$bAndante con moto, Allegretto con moto. 650 4$aMendelssohn Bartholdy, Felix <1809-1847> - Opere.$0(OLS)http://semarc/subject/44403 773 0 $tAntonio Guarnieri.$kGrandi Maestri alla Scala$g[file audio]07-08$w()244691 996 $6245$aDalla Sinfonia n. 4 in La maggiore "Italiana" :$bAndante con moto, Allegretto con moto.$9(OLS)http://semarc/title/398112 LEADER 01622nam a2200313 i 4500 001 000000123140 003 CaOOAMICUS 005 20221007163355.0 008 040217s1983 it u000 u ita u 040 $aSeMil$bita 100 1 $aRiccomini, Eugenio.$0(OLS)http://semarc/name/48654 245 13$aLa pił bella di tutte :$bla cupola del Correggio nel duomo di Parma /$cEugenio Riccomini saggi di Lucia Fornari Schianchi, Eugenio Busmanti, Martina Ingendaay. 264 1$a[Parma] :$bCassa di Risparmio di Parma,$c983. 300 $a219 p. :$briccamente ill. ;$c32 cm. 500 $aIn custodia 541 0 $aFondo card. C.M. Martini (5M XI 71) 650 4$aPittura murale e decorazioni - Rinascimento.$0(OLS)http://semarc/subject/1775 650 4$aParma - Chiese - Cattedrale di Santa Maria Assunta (Duomo).$0(OLS)http://semarc/subject/23473 650 4$aCorreggio - Opere - Parma - Santa Maria Assunta (Duomo).$0(OLS)http://semarc/subject/16892 700 1 $aIngendaay, Martina.$0(OLS)http://semarc/name/51157 700 1 $aBusmanti, Eugenio.$0(OLS)http://semarc/name/51156 700 1 $aFornari Schianchi, Lucia.$0(OLS)http://semarc/name/48655 850 $aSeMil 852 $aSeMil$W1$xVenegono$y1$m5M XI 71$j77938$B77938$CSeMilBibl$Z2$F80089 $8I 941 1 $a4 961 $aOmaggio: Martini Card. Carlo Maria 996 $6245$aLa pił bella di tutte :$bla cupola del Correggio nel duomo di Parma$9(OLS)http://semarc/title/181219 996 $6264$a[Parma] :$bCassa di Risparmio di Parma$9(OLS)http://semarc/publisher/39898 LEADER 01240nam a2200265 i 4500 001 000000063220 003 CaOOAMICUS 005 20221104145846.0 008 130919s1977 it u000 u ita u 013 $a34392 040 $aSeMil$bita 100 1 $aNiebuhr, Reinhold,$d<1892-1971>.$0(OLS)http://semarc/name/30965 240 10$aIntellectual autobiography of Reinhold Niebuhr.$0(OLS)http://semarc/title/99762 245 14$aUna teologia per la prassi :$bautobiografia intellettuale /$cReinhold Niebuhr ; editoriale e traduzione di Massimo Rubboli. 264 1$aBrescia :$bQueriniana,$c1977. 300 $a76 p. ;$c20 cm. 490 0 $aGiornale di teologia ;$v106 650 4$aNiebuhr, Reinhold <1892-1971> - Pensiero teologico.$0(OLS)http://semarc/subject/53080 700 1 $aRubboli, Massimo.$0(OLS)http://semarc/name/31968 830 0$aGiornale di teologia ;$v106.$0(OLS)http://semarc/title/419620 850 $aSeMil 852 $aSeMil$W1$xVenegono$y1$m2XA G 106$j236854$B29373$CSeMilBibl$Z2$F29376 $81 996 $6245$aUna teologia per la prassi :$bautobiografia intellettuale$9(OLS)http://semarc/title/99761 996 $6264$aBrescia :$bQueriniana$9(OLS)http://semarc/publisher/29615